[Event "NOR-chT Codanserien 2017-18"]
[Site "Oslo"]
[Date "2018.01.12"]
[Round "4"]
[White "Haldorsen, Benjamin"]
[Black "Johannessen, Leif Erlend"]
[Result "1/2-1/2"]
[WhiteElo "2405"]
[BlackElo "2469"]
[Annotator "TA"]
[PlyCount "62"]
[EventDate "2018.??.??"]
[EventType "team-tourn"]
[EventCountry "NOR"]
[SourceTitle "playchess.com"]
[Source "ChessBase"]
[SourceQuality "1"]

{[%evp 20,62,18,-15,-3,-6,52,20,20,21,51,38,124,133,118,120,150,96,122,113,122,1,15,-8,0,0,85,-22,-33,-43,0,-5,0,-6,0,0,0,-20,-9,-10,-2,-2,-2,-9,0]} 1. e4 c6 2. d4 d5 3. e5 Bf5 4. Nf3 e6 5. Be2 Nd7 6. O-O Bg6 7. Nbd2 {B12: Caro-Kann: Advance Variation} (7. a4 a5 8. Nbd2 Nh6 9. Nb3 Be7 10. Bxh6 gxh6 11. c3 Qb6 12. Ra2 O-O 13. g3 f6 14. exf6 Bxf6 {½-½ (52) Karjakin,S (2760)-Pantsulaia,L (2612) Riadh 2017}) 7... Nh6 8. Nb3 Nf5 9. Bd2 Be7 10. Rc1 O-O 11. c4 {LiveBook: 3 Games} dxc4 12. Na5 Qb8 $146 (12... Nb6 $11) ({Predecessor:} 12... Rb8 13. Nxc4 Nb6 14. Ba5 Bh5 {0-1 (59) Meneses Gonzalez,K (2280)-Padeiro,J (2255) Mondariz 2017}) 13. Nxc4 ({Don't play} 13. Bxc4 Bh5 $15) 13... Bh5 14. Ba5 b5 15. Ncd2 c5 ({Black should try} 15... Qb7 $14) 16. dxc5 $16 Nxc5 17. h3 $1 Bg6 18. Nb3 ({Better is} 18. g4) 18... Nxb3 19. Qxb3 a6 20. Rc6 (20. g4 $1 $16) 20... Rc8 $11 21. Rfc1 Rxc6 22. Rxc6 Qe8 {[#]} (22... Bf8 $11 {remains equal.}) 23. Qc3 (23. Rxa6 $1 $16 {[%mdl 512]} Rxa6 24. Bxb5) 23... Bf8 $1 24. a4 bxa4 25. Rxa6 {The position is equal.} Rc8 26. Qd2 $36 {[%mdl 2048] White has some pressure.} a3 27. bxa3 Bxa3 28. Bc3 Bc5 29. Bb4 Qf8 30. Bxc5 Qxc5 31. Ra5 Qc1+ {Precision: White = 49%, Black = 32%.} 1/2-1/2

[Event "NOR-chT Codanserien 2017-18"]
[Site "Oslo"]
[Date "2018.01.12"]
[Round "4"]
[White "Gullaksen, Eirik"]
[Black "Getz, Nicolai"]
[Result "1-0"]
[WhiteElo "2352"]
[BlackElo "2423"]
[Annotator "TA"]
[PlyCount "87"]
[EventDate "2018.??.??"]
[EventType "team-tourn"]
[EventCountry "NOR"]
[SourceTitle "playchess.com"]
[Source "ChessBase"]
[SourceQuality "1"]

{[%evp 19,87,-20,-7,-30,-32,-33,-24,-44,-17,-54,0,0,0,0,14,8,16,0,0,-30,0,-15,0,0,0,0,0,0,0,0,0,0,0,0,0,0,0,0,0,0,0,0,0,0,22,34,70,81,101,105,102,104,105,93,191,204,271,268,277,250,256,250,233,248,220,236,239,235,222,227]} 1. e4 c5 2. Nf3 d6 3. d4 cxd4 4. Nxd4 Nf6 5. Nc3 a6 6. Bc4 e6 7. O-O Be7 8. a3 O-O 9. Ba2 b5 10. Qf3 {B86: Sicilian Scheveningen/Najdorf: 6 Bc4, without early ...b5} (10. Qd3 Qb6 11. Be3 Qb7 12. Rad1 Nbd7 13. f3 Re8 14. Qe2 Bf8 15. Bg5 Qb6 16. Kh1 Bb7 17. f4 Rac8 {1-0 (46) Efimenko,Z (2647)-Zhigalko,A (2586) Yerevan 2015}) 10... Bb7 {LiveBook: 5 Games} 11. Re1 Nc6 12. Nxc6 {Black is slightly better.} Bxc6 13. Qg3 $146 ({Predecessor:} 13. Qd3 Qd7 14. Bg5 a5 15. b4 Rfc8 16. Bb3 Qb7 17. bxa5 Rxa5 {0-1 (33) Morales Romero,P (2332)-Vera Gonzalez Quevedo,R (2494) Santa Clara 2007}) 13... Kh8 14. Bg5 Nh5 ({Black should play} 14... a5 $15) 15. Bxe7 $11 Qxe7 16. Qe3 Rfd8 17. Rad1 Nf6 18. Rd4 a5 19. Red1 Rac8 (19... b4 $5 20. axb4 axb4 21. Rxb4 d5 $11) 20. Qd2 e5 21. Rxd6 Rxd6 22. Qxd6 Qxd6 23. Rxd6 b4 24. axb4 axb4 25. Nd1 Nxe4 26. Rd3 Nc5 27. Rd6 Ne4 28. Rd3 Nc5 29. Rd6 Kg8 (29... Ne4 $5 30. Rd3 $8 $11) 30. Ne3 Kf8 31. f3 g6 32. Bd5 Be8 33. Rb6 f5 34. Rxb4 Rd8 {[#] Threatens to win with ...f4.} 35. c4 Nd3 36. Rb6 Rd7 (36... Nf4 $16) 37. Rb8 $18 Rc7 38. b4 Ke7 39. Be4 {[#] And now Nd5+ would win.} Nf4 40. Nd5+ Nxd5 {White is clearly better.} 41. Bxd5 Bf7 42. Bxf7 Kxf7 43. c5 Ke6 44. Rd8 {Precision: White = 56%, Black = 57%.} 1-0

[Event "NOR-chT Codanserien 2017-18"]
[Site "Oslo"]
[Date "2018.01.12"]
[Round "4"]
[White "Fossan, Petter"]
[Black "Hole, Oystein"]
[Result "1/2-1/2"]
[WhiteElo "2323"]
[BlackElo "2334"]
[Annotator "TA"]
[PlyCount "60"]
[EventDate "2018.??.??"]
[EventType "team-tourn"]
[EventCountry "NOR"]
[SourceTitle "playchess.com"]
[Source "ChessBase"]
[SourceQuality "1"]

{[%evp 20,60,42,43,42,45,39,27,52,79,60,53,77,41,36,45,43,-15,-10,-11,0,-9,45,46,45,0,6,0,0,0,10,18,29,0,0,0,0,0,0,0,0,0,0]} 1. e4 c6 2. d4 d5 3. e5 Bf5 4. h4 h5 5. Bd3 Bxd3 6. Qxd3 e6 7. Bg5 {B12: Caro-Kann (Vorstoß-Variante)} Qb6 (7... Be7 8. Nf3 c5 9. dxc5 Nd7 10. b4 Bxg5 11. hxg5 Ne7 12. Nc3 a5 13. Nb5 axb4 14. Nd6+ Kf8 {½-½ (52) Nepomniachtchi,I (2729)-Laznicka,V (2647) Riadh 2017}) 8. Nd2 c5 9. c4 Nc6 10. Ngf3 cxd4 11. O-O {LiveBook: 7 Partien} Nge7 12. Rfc1 Qa6 13. a3 $146 {[%cal Ba2a3,Ba3a4][%mdl 32]} ({Vorgänger:} 13. Nxd4 Nxd4 14. Qxd4 Rd8 {0-1 (35) Druska,J (2430)-Socko,B (2583) Poland 2017}) 13... Nf5 14. b4 {[%cal Bb2b4,Bb4b5][%mdl 32] [#] zielt auf b5 ab.} dxc4 15. Nxc4 Qb5 16. a4 {[%mdl 1024] Weiss hat starke Kompensation.} Qd5 17. b5 Nb4 18. Qb3 ({Besser ist} 18. Qd2 $1 $14) 18... Qd7 19. Rd1 Bc5 20. Rac1 O-O (20... Nd5 $11) 21. Ne3 $1 $14 Nxe3 $1 22. Bxe3 (22. fxe3 {looks sharper.} b6 23. exd4 Be7 24. Bxe7 Qxe7 25. Ng5) 22... Nd5 23. Bxd4 Bxd4 24. Rxd4 Rfc8 25. Rdc4 Nb6 26. Rxc8+ Rxc8 {Die Stellung ist ausgeglichen.} 27. Rxc8+ Qxc8 28. a5 Nd5 29. Qd3 Qc1+ 30. Kh2 Qc5 {Precision: Weiß = 57%, Schwarz = 27%.} 1/2-1/2

[Event "NOR-chT Codanserien 2017-18"]
[Site "Oslo"]
[Date "2018.01.12"]
[Round "4"]
[White "Fossan, Petter"]
[Black "Hole, Oystein"]
[Result "*"]
[WhiteElo "2323"]
[BlackElo "2334"]
[Annotator "TA"]
[PlyCount "28"]
[EventDate "2018.??.??"]
[EventType "team-tourn"]
[EventCountry "NOR"]
[SourceTitle "playchess.com"]
[Source "ChessBase"]
[SourceQuality "1"]

{[%evp 21,24,39,40,18,79]} 1. e4 c6 2. d4 d5 3. e5 Bf5 4. h4 h5 5. Bd3 Bxd3 6. Qxd3 e6 7. Bg5 {B12: Caro-Kann: Advance Variation} Qb6 (7... Be7 8. Nf3 c5 9. dxc5 Nd7 10. b4 Bxg5 11. hxg5 Ne7 12. Nc3 a5 13. Nb5 axb4 14. Nd6+ Kf8 {½-½ (52) Nepomniachtchi,I (2729)-Laznicka,V (2647) Riadh 2017}) 8. Nd2 c5 9. c4 Nc6 10. Ngf3 cxd4 11. O-O Nge7 {LiveBook: 8 Games} 12. Rfc1 {[%mdl 1024] White has compensation.} Qa6 (12... a6 $11 {remains equal.}) {Predecessor:} 13. Nxd4 $146 Nxd4 14. Qxd4 Rd8 {0-1 (35) Druska,J (2430)-Socko,B (2583) Poland 2017} *

[Event "NOR-chT Codanserien 2017-18"]
[Site "Oslo"]
[Date "2018.01.12"]
[Round "4"]
[White "Moen, Andreas"]
[Black "Gabrielsen, Stig"]
[Result "1/2-1/2"]
[WhiteElo "2322"]
[BlackElo "2307"]
[Annotator "ChessBase"]
[PlyCount "37"]
[EventDate "2018.??.??"]
[EventType "team-tourn"]
[EventCountry "NOR"]
[SourceTitle "playchess.com"]
[Source "ChessBase"]
[SourceQuality "1"]
[TimeControl "40/5400+30:1800+30"]

1. d4 Nf6 2. c4 e6 3. Nf3 b6 4. Nc3 Bb7 5. Qc2 c5 6. dxc5 Bxc5 7. Bg5 h6 8. Bh4 Be7 9. e3 d6 10. Rd1 a6 11. Be2 Nbd7 12. O-O Qc7 13. Nd2 O-O 14. Nde4 Rfe8 15. Bf3 Nxe4 16. Bxe7 Rxe7 17. Bxe4 Nc5 18. Bxb7 Nxb7 19. Rd4 1/2-1/2

[Event "NOR-chT Codanserien 2017-18"]
[Site "Oslo"]
[Date "2018.01.12"]
[Round "4"]
[White "Mikalsen, Erlend"]
[Black "Nilsen, Joachim Birger"]
[Result "1/2-1/2"]
[WhiteElo "2307"]
[BlackElo "2413"]
[Annotator "TA"]
[PlyCount "42"]
[EventDate "2018.??.??"]
[EventType "team-tourn"]
[EventCountry "NOR"]
[SourceTitle "playchess.com"]
[Source "ChessBase"]
[SourceQuality "1"]

{[%evp 23,42,72,95,114,121,72,67,34,46,52,85,89,88,76,84,22,41,35,33,6,7]} 1. e4 g6 2. d4 Bg7 3. Nc3 c6 4. f4 d5 5. e5 Nh6 6. Nf3 O-O 7. Be3 Bg4 8. h3 Bxf3 9. Qxf3 f6 10. Qe2 {B15: Caro-Kann: 3 Nc3: 3...g6 and 3...dxe4 4 Nxe4 Nf6 5 Nxf6+ exf6} fxe5 11. dxe5 Nf5 12. Bf2 e6 {LiveBook: 3 Games} 13. h4 Nd7 $146 ({Predecessor:} 13... c5 14. h5 Nc6 15. hxg6 hxg6 16. O-O-O Nfd4 17. Qg4 Nxe5 18. fxe5 Rxf2 {1-0 (43) Lutz,C (2558)-Schmidt Schaeffer,S (2386) Berlin 2013}) 14. g4 Ne7 15. Bg3 d4 16. Ne4 Qa5+ {[#]} 17. Qd2 $1 {[%cal Rd2a5]} Qxd2+ 18. Kxd2 Nd5 {[#]} 19. Bc4 ({White should try} 19. g5 $1 $16) 19... N7b6 20. Bxd5 Nxd5 21. g5 h5 1/2-1/2

[Event "NOR-chT Codanserien 2017-18"]
[Site "Oslo"]
[Date "2018.01.12"]
[Round "4"]
[White "Hobber, Anders"]
[Black "Tallaksen, Levi Andre"]
[Result "1/2-1/2"]
[WhiteElo "2301"]
[BlackElo "2296"]
[Annotator "TA"]
[PlyCount "68"]
[EventDate "2018.??.??"]
[EventType "team-tourn"]
[EventCountry "NOR"]
[SourceTitle "playchess.com"]
[Source "ChessBase"]
[SourceQuality "1"]

{[%evp 26,68,24,14,97,96,92,84,93,103,99,102,95,70,79,65,204,159,292,105,113,120,115,78,73,75,184,70,54,0,0,0,0,0,0,0,0,0,0,0,0,0,0,0,0]} 1. d4 Nf6 2. Nf3 e6 3. e3 c5 4. Bd3 b6 5. O-O Bb7 6. c4 Be7 7. Nc3 cxd4 8. exd4 d5 9. cxd5 Nxd5 10. Ne5 O-O 11. Qg4 Nxc3 {E14: Queen's Indian: Classical Variation (4 e3)} (11... f5 12. Qe2 Bf6 13. Bc4 Re8 14. Rd1 Nd7 15. Bb5 Bxe5 16. dxe5 Qe7 17. Nxd5 Bxd5 18. Qh5 g6 19. Qh6 {1-0 (36) Kramnik,V (2777)-Topalov,V (2813) Skopje 2015}) 12. bxc3 Nd7 13. Qh3 g6 14. Bh6 {LiveBook: 5 Games} Re8 {[#]} (14... Nxe5 $11 15. Bxf8 (15. dxe5 Rc8 $14) 15... Bxf8 16. dxe5 Rc8) 15. Bb5 $1 $16 {[%cal Rb5d7]} Nxe5 16. dxe5 Qc7 17. Bxe8 Rxe8 18. Qg3 Rc8 19. Bg5 {[#]} Ba3 $146 ({Predecessor:} 19... Bf8 20. Rfd1 h6 21. Be3 {1-0 (42) Danielian,E (2423)-Brodsky,M (2581) Cappelle-la-Grande 2006}) 20. Rad1 Bb2 (20... Bc5 $14) 21. Bf6 $18 {Threatens to win with Rd6.} Bd5 (21... Ba3 $16 22. Rd4 Bc5) 22. Qh3 $2 (22. Qh4 $18 {is the precise move to win. Intending Qh6 and mate.} Ba3 23. Rd3 (23. Qh6 Bf8 $11)) 22... h5 $16 23. Rd3 {Strongly threatening Qe3.} Qc4 24. Rfd1 Kh7 25. Qe3 Qa4 {[#]} (25... Ba3 $16) 26. h3 (26. Qe2 $1 $18 {[%cal Re2b2]} Rxc3 27. Rd4 (27. Qxb2 $2 Rxd3 28. Rf1 Ra3 $19)) 26... Rxc3 $1 $14 27. Rxc3 $40 {[%mdl 128] White has some attack.} (27. R1d2 $14 Rxd3 28. Qxd3) 27... Qxd1+ $11 {The position is equal.} 28. Kh2 {White threatens Rc8 and mate.} Qf1 {[%csl Gd5][%cal Rf1g2] [#]} 29. f3 $1 {[%mdl 512] Threatening mate with Rc8.} Bxc3 30. Qxc3 {Qc8 would kill now.} Qc4 31. Qa3 Qf4+ 32. Kg1 h4 33. Qf8 {[%csl Gf6][%cal Rf8h8]} Qe3+ 34. Kh2 {[%csl Gf6][%cal Rf8h8]} Qf4+ {Precision: White = 50%, Black = 38%.} 1/2-1/2

[Event "NOR-chT Codanserien 2017-18"]
[Site "Oslo"]
[Date "2018.01.12"]
[Round "4"]
[White "Andersen, Lars Even"]
[Black "Djurhuus, Rune"]
[Result "0-1"]
[WhiteElo "2293"]
[BlackElo "2420"]
[Annotator "TA"]
[PlyCount "84"]
[EventDate "2018.??.??"]
[EventType "team-tourn"]
[EventCountry "NOR"]
[SourceTitle "playchess.com"]
[Source "ChessBase"]
[SourceQuality "1"]

{[%evp 14,84,20,19,28,20,19,22,25,19,25,13,16,16,16,16,16,-4,0,0,0,0,0,0,0,0,0,0,0,0,0,-15,-9,-13,-11,-7,0,0,0,-44,-44,-44,-44,-50,-50,-155,-145,-152,-152,-169,-169,-169,-162,-162,-160,-160,-150,-143,-114,-123,-139,-848,-378,-2073,-1921,-29967,-29970,-29976,-29976,-29978,-29973,-29980,-29978]} 1. d4 e6 2. g3 f5 3. Bg2 Nf6 4. c4 c6 5. Nh3 d6 6. Nc3 Be7 7. e4 {A91: Classical Dutch: Early Deviations} (7. O-O O-O 8. e4 e5 9. dxe5 dxe5 10. Qxd8 Bxd8 11. Ng5 h6 12. Nf3 fxe4 13. Nd2 e3 14. fxe3 Na6 15. b3 Be7 16. Nde4 Nxe4 17. Nxe4 Rxf1+ 18. Kxf1 Bf5 {0-1 (60) Huber,M (2417)-Diermair,A (2475) Graz 2017}) 7... fxe4 8. Nxe4 {LiveBook: 3 Games} e5 9. O-O {White has an edge.} O-O 10. dxe5 dxe5 ({Much worse is} 10... Nxe4 11. Bxe4 g6 12. exd6 $16) 11. Nxf6+ Bxf6 12. Qxd8 Rxd8 13. Ng5 Na6 $146 {[%cal Bb8a6,Ba6b4,Bb4c2][%mdl 32]} ({Predecessor:} 13... Bf5 14. Ne4 Rd4 15. Nxf6+ gxf6 16. b3 {1-0 (68) Wuenderlich,R (2232)-Wyrwich,M (2143) Ruhrgebiet 1998}) 14. Be3 Nb4 15. Ne4 Nc2 16. Rad1 Rxd1 17. Rxd1 Bg4 18. Nxf6+ gxf6 19. Rd6 Nxe3 20. fxe3 $11 {[%mdl 4096] Endgame KRB-KRB} Kf7 21. Be4 h6 22. Kg2 Ke7 23. c5 a5 24. a4 Rd8 25. Rxd8 Kxd8 {KB-KB} 26. Bf3 Be6 27. Bd1 Kc7 28. Kf3 b6 29. cxb6+ ({White should play} 29. e4 $15) 29... Kxb6 $17 30. Ke4 Kc5 31. h4 {[#]} Kb4 $1 32. g4 c5 33. g5 fxg5 34. hxg5 hxg5 {Strongly threatening ...g4.} 35. Kxe5 Bb3 36. Bg4 Bxa4 {Hoping for ...c4.} 37. Kf6 $2 {[%mdl 8192]} (37. e4 $17) 37... Bc2 (37... Bb5 $142 38. Ke6 Kb3) 38. Be6 $2 {[#]} (38. Bf5 Kb3 39. Bxc2+ Kxc2 40. Kf5 Kxb2 41. e4) 38... g4 $1 $19 {[%mdl 512]} 39. Bxg4 Kb3 {Black mates.} 40. Ke5 Kxb2 41. Bd7 c4 {[%cal Bc5c4,Bc4c3][%mdl 32]} 42. Kd4 c3 {Precision: White = 43%, Black = 87%.} 0-1

[Event "NOR-chT Codanserien 2017-18"]
[Site "Oslo"]
[Date "2018.01.12"]
[Round "4"]
[White "Ekeberg, Carl Fredrik"]
[Black "Romanov, Evgeny"]
[Result "1/2-1/2"]
[WhiteElo "2278"]
[BlackElo "2617"]
[Annotator "TA"]
[PlyCount "199"]
[EventDate "2018.??.??"]
[EventType "team-tourn"]
[EventCountry "NOR"]
[SourceTitle "playchess.com"]
[Source "ChessBase"]
[SourceQuality "1"]

{[%evp 14,199,0,0,27,25,28,0,0,0,0,0,13,-21,0,-15,-16,-32,-12,-16,0,-15,-5,-22,-17,-18,-18,-23,-25,-27,-14,-22,-9,-51,-13,-31,-16,-16,0,0,-9,0,-11,-6,0,0,0,0,0,0,0,-22,-8,-26,-23,-30,0,0,0,0,0,0,-1,-29,-21,-28,-21,-80,-96,-80,-15,-15,0,0,0,0,0,0,0,0,0,0,0,0,0,0,0,0,0,0,0,0,0,0,0,0,0,0,0,0,0,0,0,0,0,0,0,0,0,0,0,0,0,0,0,0,0,0,0,0,0,0,0,0,0,0,0,0,0,0,0,0,0,0,0,0,0,0,0,0,0,0,0,0,0,0,0,0,0,0,0,0,0,0,0,0,0,0,0,0,0,0,0,0,0,0,0,0,0,0,0,0,0,0,0,0,0,0,0,0,0,0,0,0,0,0,0,0]} 1. Nf3 Nf6 2. g3 d5 3. Bg2 c6 4. O-O Bg4 5. d3 Nbd7 6. h3 Bxf3 {A07: Réti Opening: New York and Capablanca Systems} 7. Bxf3 e5 8. e4 {LiveBook: 41 Games} Bd6 9. exd5 (9. Nc3 dxe4 10. Nxe4 Nxe4 11. dxe4 Qe7 12. Qe2 O-O 13. h4 a5 14. a4 {½-½ (47) Tomashevsky,E (2713)-Romanov,E (2626) St Petersburg 2017}) 9... Nxd5 10. Nd2 O-O 11. Nc4 $146 ({Predecessor:} 11. c3 Qc7 12. Nc4 Bc5 13. Bg2 Rad8 14. Qc2 {1-0 (64) Friedel,J (2490)-Cornejo,M (2365) Santa Clara 2014}) 11... Bc7 12. a4 f5 {[%cal Bf7f5,Bf5f4][%mdl 32]} 13. Bd2 a5 14. Qe1 Re8 15. Ne3 Nxe3 16. Qxe3 f4 17. Qe4 Kh8 18. Rae1 {[%cal Rg3f4]} Nf6 19. Qc4 {[%cal Rg3f4]} fxg3 20. fxg3 e4 21. Bxe4 $1 Bxg3 22. Re2 $1 Be5 23. c3 Nh5 24. Rg2 Qb6+ 25. d4 {[#] Black must now prevent Bxh7.} Bxd4+ 26. Qxd4 Qxd4+ 27. cxd4 {Bd3 is the strong threat.} Rxe4 28. Rf7 b6 29. Rb7 Kg8 (29... g6 {with more complications.} 30. Rxb6 Kg8 31. Rg4 Re2 32. Rg2 Re4) 30. Rxb6 Rxd4 31. Rxc6 Rxa4 32. Rc7 g6 33. Bc3 Ra1+ 34. Kh2 Rf1 35. Rd2 Rf7 (35... Rf3 {is interesting.} 36. Rdd7 Raf8 37. Be1 Rf1 38. Re7 a4) 36. Rxf7 Kxf7 $11 {[%mdl 4096] Endgame KRB-KRN} 37. Rd7+ Kg8 38. Be5 a4 39. Re7 h6 40. Bd6 (40. Rc7 $11) 40... Rd8 $17 41. Bb4 Nf4 (41... Rd4 $17 42. Re8+ Kf7 43. Rf8+ Ke6 44. Re8+ Kd7 45. Re7+ Kd8) 42. Re4 $11 {The position is equal.} g5 {Strongly threatening ...Rd3.} 43. h4 Kf7 44. hxg5 hxg5 45. Bc3 Ra8 46. Kg3 a3 47. bxa3 Rxa3 48. Kg4 Rxc3 49. Kxg5 {KRN-KR} Ng6 50. Ra4 Rf3 51. Ra7+ Ne7 52. Ra6 Nd5 53. Kg4 Rf1 54. Kg5 Ne3 55. Ra7+ Ke6 56. Ra6+ Ke5 57. Ra5+ Nd5 58. Kg4 Ke4 59. Ra4+ Kd3 60. Ra3+ Nc3 61. Kg5 Kd4 62. Kg4 Rf8 63. Kg5 Ne2 64. Kg4 Ke4 65. Ra4+ Nd4 66. Kg5 Ke3 67. Ra3+ Kf2 68. Kg4 Rf7 69. Kg5 Nf3+ 70. Kg4 Ne5+ 71. Kg5 Rf8 72. Ra2+ Kg3 73. Ra3+ Nf3+ 74. Kg6 Rf4 75. Kg7 Kg4 76. Ra1 Rf5 77. Rb1 Ne5 78. Rg1+ Kh5 79. Rh1+ Kg5 80. Rg1+ Ng4 81. Kg8 Kh5 82. Kg7 Nf2 83. Rf1 Rf3 84. Re1 Nh3 85. Re6 Ng5 (85... Rg3+ {is more complex.} 86. Kf8 Ng5 87. Rb6 Nh7+ 88. Ke7 Rg7+) 86. Rf6 (86. Re1 {seems wilder.} Nh3) 86... Re3 87. Rh6+ Kg4 88. Kf6 Re6+ 89. Kg7 Re7+ 90. Kf6 Ra7 91. Rh1 Ra5 92. Rg1+ Kf4 93. Rf1+ Nf3 94. Ke6 Ke4 95. Kd6 Rd5+ 96. Ke7 Ng5 97. Re1+ Kf5 98. Rf1+ Ke5 99. Re1+ Ne4 100. Rh1 {Precision: White = 72%, Black = 61%.} 1/2-1/2

[Event "NOR-chT Codanserien 2017-18"]
[Site "Oslo"]
[Date "2018.01.12"]
[Round "4"]
[White "Guttulsrud, Odd Martin"]
[Black "Brasoy, Aksel"]
[Result "1-0"]
[WhiteElo "2268"]
[BlackElo "1937"]
[Annotator "ChessBase"]
[PlyCount "187"]
[EventDate "2018.??.??"]
[EventType "team-tourn"]
[EventCountry "NOR"]
[SourceTitle "playchess.com"]
[Source "ChessBase"]
[SourceQuality "1"]
[TimeControl "40/5400+30:1800+30"]

1. e4 {[%emt 0:00:00]} c5 {[%emt 0:00:11]} 2. Nf3 {[%emt 0:00:00]} e6 {[%emt 0:00:09]} 3. d4 {[%emt 0:00:00]} cxd4 {[%emt 0:00:09]} 4. Nxd4 {[%emt 0:00:00]} Nf6 {[%emt 0:00:30]} 5. Bd3 {[%emt 0:00:36]} Nc6 {[%emt 0:00:40]} 6. Nxc6 {[%emt 0:00:34]} bxc6 {[%emt 0:00:30]} 7. O-O {[%emt 0:00:14]} d5 {[%emt 0:02:36]} 8. Nc3 {[%emt 0:03:01]} Be7 {[%emt 0:01:59]} 9. Qf3 {[%emt 0:01:08]} O-O {[%emt 0:05:00]} 10. b3 {[%emt 0:04:40]} Qa5 {[%emt 0:17:30]} 11. Bb2 {[%emt 0:01:48]} Ba6 {[%emt 0:02:24]} 12. Bxa6 {[%emt 0:16:53]} Qxa6 {[%emt 0:00:10]} 13. e5 {[%emt 0:00:59]} Nd7 {[%emt 0:00:43]} 14. Rfe1 {[%emt 0:01:10]} Ba3 {[%emt 0:07:51]} 15. Na4 {[%emt 0:08:07]} Bxb2 {[%emt 0:00:42]} 16. Nxb2 {[%emt 0:00:09]} Qa3 {[%emt 0:03:02]} 17. Nd3 {[%emt 0:01:29]} a5 {[%emt 0:01:47]} 18. Qg4 {[%emt 0:29:41]} Rfb8 {[%emt 0:04:35]} 19. Nf4 {[%emt 0:04:33]} Qe7 {[%emt 0:05:47]} 20. Re3 {[%emt 0:05:13]} a4 {[%emt 0:12:26]} 21. Rae1 {[%emt 0:03:17]} axb3 {[%emt 0:00:44]} 22. axb3 {[%emt 0:00:07]} Rb4 {[%emt 0:04:48]} 23. Rg3 {[%emt 0:00:45]} g6 {[%emt 0:02:09]} 24. h4 {[%emt 0:01:48]} Kh8 {[%emt 0:09:53]} 25. Rh3 {[%emt 0:01:27]} Ra2 {[%emt 0:06:13]} 26. Re2 {[%emt 0:00:42]} c5 {[%emt 0:04:02]} 27. Qg3 {[%emt 0:03:53]} Ra8 {[%emt 0:01:55]} 28. Nd3 {[%emt 0:04:13]} Rb7 {[%emt 0:00:42]} 29. Qe3 {[%emt 0:01:48]} Rc7 {[%emt 0:02:26]} 30. c4 {[%emt 0:01:35]} Rb8 {[%emt 0:01:51]} 31. cxd5 {[%emt 0:01:28]} exd5 {[%emt 0:00:12]} 32. Nf4 {[%emt 0:00:19]} d4 {[%emt 0:01:07]} 33. Qe4 {[%emt 0:00:14]} Rcb7 {[%emt 0:00:31]} 34. Qd5 {[%emt 0:01:51]} Nf8 {[%emt 0:00:22]} 35. e6 {[%emt 0:01:39]} fxe6 {[%emt 0:00:59]} 36. Nxe6 {[%emt 0:00:31]} Nxe6 {[%emt 0:00:35]} 37. Rxe6 {[%emt 0:00:03]} Qg7 {[%emt 0:00:44]} 38. Qxc5 {[%emt 0:00:30]} Rc7 {[%emt 0:00:36]} 39. Rc6 {[%emt 0:01:14]} Rbc8 {[%emt 0:00:52]} 40. Rxc7 {[%emt 0:00:50]} Rxc7 {[%emt 0:30:07]} 41. Qd6 {[%emt 0:31:08]} Rc1+ {[%emt 0:00:00]} 42. Kh2 {[%emt 0:00:00]} Qc7 {[%emt 0:00:00]} 43. Qxc7 {[%emt 0:00:00]} Rxc7 {[%emt 0:00:00]} 44. Rd3 {[%emt 0:00:00]} Rc3 {[%emt 0:00:00]} 45. Rxd4 {[%emt 0:00:00]} Rxb3 {[%emt 0:00:00]} 46. Rd7 {[%emt 0:00:00]} h5 {[%emt 0:00:00]} 47. f3 {[%emt 0:00:00]} Ra3 {[%emt 0:00:00]} 48. Kg3 {[%emt 0:00:00]} Ra2 {[%emt 0:00:00]} 49. Rb7 {[%emt 0:00:00]} Kg8 {[%emt 0:00:00]} 50. Kh2 {[%emt 0:00:00]} Rc2 {[%emt 0:00:00]} 51. Re7 {[%emt 0:00:00]} Ra2 {[%emt 0:00:00]} 52. Kh3 {[%emt 0:00:00]} Ra3 {[%emt 0:00:00]} 53. Kg3 {[%emt 0:00:00]} Ra2 {[%emt 0:00:00]} 54. Rc7 {[%emt 0:00:00]} Rb2 {[%emt 0:00:00]} 55. Rd7 {[%emt 0:00:00]} Ra2 {[%emt 0:00:00]} 56. Re7 {[%emt 0:00:00]} Rb2 {[%emt 0:00:00]} 57. f4 {[%emt 0:00:00]} Rb3+ {[%emt 0:00:00]} 58. Kf2 {[%emt 0:00:00]} Rb2+ {[%emt 0:00:00]} 59. Kf3 {[%emt 0:00:00]} Rb3+ {[%emt 0:00:00]} 60. Re3 {[%emt 0:00:00]} Rb4 {[%emt 0:00:00]} 61. Re5 {[%emt 0:00:00]} Kg7 {[%emt 0:00:00]} 62. Rg5 {[%emt 0:00:00]} Kh6 {[%emt 0:00:00]} 63. Re5 {[%emt 0:02:47]} Kg7 {[%emt 0:00:00]} 64. Re3 {[%emt 0:00:20]} Kf6 {[%emt 0:00:00]} 65. Ra3 {[%emt 0:01:32]} Rc4 {[%emt 0:00:00]} 66. g4 {[%emt 0:00:08]} hxg4+ {[%emt 0:00:00]} 67. Kxg4 {[%emt 0:00:02]} Rc5 {[%emt 0:00:00]} 68. Ra6+ {[%emt 0:00:24]} Kg7 {[%emt 0:00:00]} 69. Re6 {[%emt 0:00:33]} Rc1 {[%emt 0:00:00]} 70. Re3 {[%emt 0:00:08]} Rc5 {[%emt 0:00:00]} 71. Re5 {[%emt 0:00:07]} Rc4 {[%emt 0:01:14]} 72. Kg5 {[%emt 0:01:37]} Rc7 {[%emt 0:01:43]} 73. Rb5 {[%emt 0:00:12]} Ra7 {[%emt 0:00:55]} 74. h5 {[%emt 0:01:44]} gxh5 {[%emt 0:00:12]} 75. Kxh5 {[%emt 0:00:03]} Kf6 {[%emt 0:00:39]} 76. Kg4 {[%emt 0:00:07]} Ra4 {[%emt 0:00:33]} 77. Rb6+ {[%emt 0:00:05]} Kf7 {[%emt 0:00:22]} 78. Kg5 {[%emt 0:00:04]} Ra5+ {[%emt 0:09:27]} 79. f5 {[%emt 0:00:11]} Ra1 {[%emt 0:01:19]} 80. Rb7+ {[%emt 0:00:08]} Kf8 {[%emt 0:00:21]} 81. Kg6 {[%emt 0:00:12]} Rg1+ {[%emt 0:01:19]} 82. Kf6 {[%emt 0:00:13]} Kg8 {[%emt 0:00:20]} 83. Rb8+ {[%emt 0:03:56]} Kh7 {[%emt 0:00:09]} 84. Ke6 {[%emt 0:01:29]} Ra1 {[%emt 0:00:52]} 85. Re8 {[%emt 0:03:42]} Ra6+ {[%emt 0:01:23]} 86. Kf7 {[%emt 0:00:09]} Ra1 {[%emt 0:01:43]} 87. f6 {[%emt 0:00:20]} Kh6 {[%emt 0:00:21]} 88. Rh8+ {[%emt 0:02:43]} Kg5 {[%emt 0:00:06]} 89. Kg7 {[%emt 0:00:47]} Rg1 {[%emt 0:01:17]} 90. f7 {[%emt 0:00:44]} Kf5+ {[%emt 0:00:06]} 91. Kf8 {[%emt 0:00:23]} Ra1 {[%emt 0:00:24]} 92. Rh2 {[%emt 0:00:17]} Ra8+ {[%emt 0:00:33]} 93. Kg7 {[%emt 0:00:08]} Ra7 {[%emt 0:00:11]} 94. Kg8 {[%emt 0:00:11]} 1-0